Guess The Organism By Scientific Name - Statistics

General Stats
  • This quiz has been taken 21 times
  • The average score is 5 of 10
Answer Stats
Sci. Name Common Name % Correct
Felis Catus Cat
100%
Canus Lupus Familaris Dog
94%
Giraffa Giraffe
94%
Ursidae Bear
88%
Vulpes Vulpes Fox
69%
Quercus Oak Tree
31%
Loxodonta Elephant
25%
Anura Frog
13%
Folivora Sloth
13%
Acer Maple Tree
6%
No matching quizzes found
Score Distribution
Percent of People with Each Score
Percentile by Number Answered
Your Score History
You have not taken this quiz